| 000 | 01353cam a22004214a 4500 | ||
|---|---|---|---|
| 001 | muse82059 | ||
| 003 | MdBmJHUP | ||
| 005 | 20210127151451.0 | ||
| 006 | m o d | ||
| 007 | cr||||||||nn|n | ||
| 008 | 700401s1969 mdu o 00 0 eng d | ||
| 010 | _z 75093822 | ||
| 020 | _a9781421434247 | ||
| 020 | _z0801811015 | ||
| 020 | _z9781421434230 | ||
| 035 | _a(OCoLC)1131894173 | ||
| 040 |
_aMdBmJHUP _cMdBmJHUP |
||
| 050 | 0 | 4 |
_aBX4735.P26 _bM5 1969 |
| 082 | 0 | _a230.2/0924 | |
| 100 | 1 | _aMiel, Jan. | |
| 245 | 1 | 0 | _aPascal and Theology |
| 264 | 1 | _bJohns Hopkins Press | |
| 264 | 3 | _bProject MUSE, | |
| 300 |
_a1 online resource (xv, 216 p.) : _bport. |
||
| 504 | _aIncludes bibliographical references. | ||
| 506 | 0 |
_aOpen Access _fUnrestricted online access _2star |
|
| 588 | _aDescription based on print version record. | ||
| 600 | 1 | 1 |
_aPascal, Blaise, _d1623-1662. |
| 650 | 0 |
_aTheology, Doctrinal _xHistory _y17th century. |
|
| 655 | 7 |
_aElectronic books. _2local |
|
| 710 | 2 |
_aProject Muse. _edistributor |
|
| 830 | 0 | _aBook collections on Project MUSE. | |
| 856 | 4 | 0 |
_zFull text available: _uhttps://muse.jhu.edu/book/72154/ |
| 999 |
_c25866 _d25866 |
||